| 000 | 00620nam a22002177a 4500 | ||
|---|---|---|---|
| 003 | DO-SdBNP | ||
| 005 | 20240530073925.0 | ||
| 008 | 210630b 2018 dr 00| 0 eng d | ||
| 020 | _a9789945912951 | ||
| 040 |
_aDO-SdBNP _bspa _cBNPHU |
||
| 082 | 4 |
_aRD863.44 _bC115r |
|
| 100 | 1 |
_aCabiya, Pedro, _d1971- _916077 |
|
| 245 | 1 | 0 |
_aReinbou / _cPedro Cabiya. |
| 250 | _a2a. ed. | ||
| 260 |
_aSan Juan : _bZemi Book (Crown Octavo), _c2018. |
||
| 300 |
_a335 p. ; _bil. ; _c21 cm. |
||
| 650 | 0 |
_aNovela dominicana _9223 |
|
| 650 | 4 |
_aLiteratura dominicana _979093 |
|
| 910 | _aValidado. Control de calidad MFF | ||
| 942 |
_2ddc _cLBS1 |
||
| 999 |
_c50016 _d50016 |
||